La sociedad de Santiago en el siglo XVII
Uloženo v:
| Hlavní autor: | |
|---|---|
| Médium: | Kniha |
| Jazyk: | španělština |
| Vydáno: |
Santiago, Chile
Dirección General de Prisiones-Imp
1937
|
| Témata: | |
| Tagy: |
Přidat tag
Žádné tagy, Buďte první, kdo vytvoří štítek k tomuto záznamu!
|
MARC
| LEADER | 00000nam a2200000 a 4500 | ||
|---|---|---|---|
| 001 | UCX7092 | ||
| 003 | CL-VaPUC | ||
| 005 | 20250227154002.0 | ||
| 008 | 930924e19370000CL |||||||||||||||||spa|d | ||
| 999 | |c 227005 |d 227003 | ||
| 040 | |c Pontificia Universidad Católica de Valparaíso | ||
| 082 | 0 | 4 | |a 983.03 AMU 1937 |2 21 |
| 100 | 0 | |a Amunátegui Solar, Domingo |e author |9 323855 | |
| 245 | 1 | 3 | |a La sociedad de Santiago en el siglo XVII |
| 260 | |a Santiago, Chile |b Dirección General de Prisiones-Imp |c 1937 | ||
| 300 | |a 310 páginas | ||
| 583 | |a last modification |c 20130913 05:24:28 |k Rodrigo Vera | ||
| 610 | |2 COMPAÑIA DE JESUS | ||
| 650 | 0 | |a Historia |y Siglo 17 |9 255532 | |
| 650 | 0 | |a Vida social y costumbres |x COSTUMBRES Y TRADICIONES |z CHILE |9 258725 | |
| 650 | 0 | |a Órdenes religiosas |z SANTIAGO |z CHILE |9 257499 | |
| 852 | |a BIBCUR | ||
| 942 | |c BK |2 ddc | ||
| 945 | |d 19930924 00:00:00 | ||
| 952 | |0 0 |1 0 |2 ddc |4 0 |6 983_030000000000000_AMU_1937 |7 0 |8 X |9 225752 |a BIBHIS |b BIBHIS |d 2019-11-15 |i 2943697 |o 983.03 AMU 1937 |p 2943697 |r 2019-11-15 |t 1 |w 2019-11-15 |y BK_X |k HIS | ||
| 952 | |0 0 |1 0 |2 ddc |4 0 |6 983_030000000000000_AMU_1937 |7 0 |8 X |9 225753 |a BIBHIS |b BIBHIS |d 2019-11-15 |i 1256777 |o 983.03 AMU 1937 |p 1256777 |r 2024-01-30 |t 2 |w 2019-11-15 |y BK_X |k HIS | ||
| 952 | |0 0 |1 0 |2 ddc |4 0 |6 983_030000000000000_AMU_1937 |7 0 |8 X |9 225754 |a BIBHIS |b BIBHIS |d 2019-11-15 |i 1256785 |o 983.03 AMU 1937 |p 1256785 |r 2024-01-30 |t 3 |w 2019-11-15 |y BK_X |k HIS | ||
| 952 | |0 0 |1 0 |2 ddc |4 0 |6 983_030000000000000_AMU_1937 |7 0 |8 X |9 225755 |a FDOBUD |b FDOBUD |d 2019-11-15 |i 1004395 |o 983.03 AMU 1937 |p 1004395 |r 2019-11-15 |t 4 |w 2019-11-15 |y BK_X |k BUD | ||